NBA Top 10 NBA Player's Career Built On One Season All-Time - Statistics

General Stats
  • This quiz has been taken 106 times
  • The average score is 2 of 14
Answer Stats
Player % Correct
Jeremy Lin
59%
Isaiah Thomas
47%
Bobby Simmons
21%
Chandler Parsons
19%
Tyreke Evans
16%
Andrew Bynum
15%
Devin Harris
12%
Danny Granger
8%
Lance Stephenson
6%
Dana Barros
3%
Dāvis Bertāns
2%
Jamaal Magloire
2%
Larry Sanders
1%
Ömer Aşık
1%
No matching quizzes found
Score Distribution
Percent of People with Each Score
Percentile by Number Answered
Your Score History
You have not taken this quiz